Business in Action. (Record no. 1213)

MARC details
005 - DATE AND TIME OF LATEST TRANSACTION
control field 20250408134010.0
082 ## - DEWEY DECIMAL CLASSIFICATION NUMBER
Classification number 650 PAR
100 ## - MAIN ENTRY--PERSONAL NAME
Author name PARADIS, A. A.
245 ## - TITLE STATEMENT
Title Business in Action.
260 ## - PUBLICATION, DISTRIBUTION, ETC.
Place of publication, distribution, etc. New York,
Name of publisher, distributor, etc. Julian Messner,
Date of publication, distribution, etc. 1962.
300 ## - PHYSICAL DESCRIPTION
Extent 191p.: ill.; picture
Other physical details Index
Dimensions 22cm
942 ## - ADDED ENTRY ELEMENTS (KOHA)
Source of classification or shelving scheme Dewey Decimal Classification
Koha item type Books
Holdings
Date last seen Total checkouts Full call number Barcode Cost, replacement price Price effective from Koha item type Lost status Source of classification or shelving scheme Damaged status Not for loan Withdrawn status Home library Current library Shelving location Date acquired Cost, normal purchase price
04/08/2025   650 PAR 0000004768 30000.00 04/08/2025 Books   Dewey Decimal Classification       College of Business Education Main Library College of Business Education Main Library General Collection 04/08/2025 10000.00